LEADER 00868nam0 22002411i 450 001 UON00115426 005 20231205102654.566 100 $a20020107d1965 |0itac50 ba 101 $aper 102 $aIR 105 $a|||| 1|||| 200 1 $aNasim$fMohammad Hejazi 210 $aTehran$c[s.n.]$d1965 215 $a170 p.$d17 cm 620 $aIR$dTihra?n$3UONL005570 686 $aIRA VI AEZ$cIRAN - LETTERATURA - PERSIANO - TESTI LETTERARI - PERIODO MODERNO E CONTEMPORA$2A 700 1$aHEJAZI$bMohammad$3UONV014866$0642117 801 $aIT$bSOL$c20240220$gRICA 899 $aSIBA - SISTEMA BIBLIOTECARIO DI ATENEO$2UONSI 912 $aUON00115426 950 $aSIBA - SISTEMA BIBLIOTECARIO DI ATENEO$dSI IRA VI AEZ 206 $eSI IR 275 7 206 996 $aNasim$91309110 997 $aUNIOR